MARC

LEADER 00000nam0a2200000 4500
001 256096
005 20231101233102.0
035 |a (RuTPU)RU\TPU\book\278737 
090 |a 256096 
100 |a 20140404d1986 k y0rusy50 ca 
101 0 |a rus 
102 |a RU 
105 |a a z 001zy 
200 1 |a Поверхностные методы ионизации в масс-спектрометрии  |f Академия наук СССР (АН СССР), Башкирский филиал, Отдел физики и математики ; под ред. Г. А. Толстикова 
210 |a Уфа  |c БФАН СССР  |d 1986 
215 |a 71 с.  |c ил. 
320 |a Библиогр. в конце ст. 
606 1 |a Масс-спектрометрия  |2 stltpush  |3 (RuTPU)RU\TPU\subj\73761  |9 86572 
610 1 |a ионизация 
610 1 |a атомные частицы 
610 1 |a электрогидродинамика 
610 1 |a электронный удар 
610 1 |a полевые методы 
675 |a 543.51  |v 3 
702 1 |a Толстиков  |b Г. А.  |4 340 
712 0 2 |a Академия наук СССР (АН СССР)  |b Башкирский филиал  |b Отдел физики и математики  |2 stltpush  |3 (RuTPU)RU\TPU\col\11268 
801 1 |a RU  |b 63413507  |c 20140404 
801 2 |a RU  |b 63413507  |c 20141216  |g RCR 
942 |c BK